| 000 | 00744nam a2200241Ia 4500 | ||
|---|---|---|---|
| 008 | 180523s9999 xx 000 0 und d | ||
| 020 | _a978-007-125915-6 | ||
| 050 | _aMAIN HD 62.4 | ||
| 050 | _b.B37 2008 | ||
| 100 | _aBartlett, Christopher. | ||
| 245 | 0 | _aTransnational management : | |
| 245 | 0 | _btext, cases, and readings in cross-border management / | |
| 245 | 0 | _cChristopher A. Bartlett, Sumantra Ghoshal, Paul W. Beamish. | |
| 250 | _a5th Edition | ||
| 260 | _aNew York : | ||
| 260 | _bMcGraw-Hill, | ||
| 260 | _c2008 | ||
| 300 | _a822 pages : | ||
| 300 | _billustrations ; | ||
| 300 | _c23 cm. | ||
| 500 | _aIncludes bibliographical references and index. | ||
| 650 | _aInternational business enterprises -- Management. | ||
| 999 |
_c356937 _d356937 |
||